Broadcast Talk (Record n. 93783)
[ formato base ]
| 000 -LEADER | |
|---|---|
| fixed length control field | 01025nam a2200313Ia 4500 |
| 001 - CONTROL NUMBER | |
| control field | A6463 |
| 003 - CONTROL NUMBER IDENTIFIER | |
| control field | IT-RoPAU |
| 008 - FIXED-LENGTH DATA ELEMENTS--GENERAL INFORMATION | |
| fixed length control field | 130308s9999 xx 000 0 und d |
| 040 ## - CATALOGING SOURCE | |
| Original cataloging agency | IT-RoPAU |
| 040 ## - CATALOGING SOURCE | |
| Transcribing agency | IT-RoPAU |
| 041 ## - LANGUAGE CODE | |
| Language code of text/sound track or separate title | INGLESE |
| 100 ## - MAIN ENTRY--PERSONAL NAME | |
| Personal name | AA.VV. |
| 100 ## - MAIN ENTRY--PERSONAL NAME | |
| Miscellaneous information | Codice Aut. SPICS: 12000 |
| 245 ## - TITLE STATEMENT | |
| Title | Broadcast Talk |
| 245 ## - TITLE STATEMENT | |
| Remainder of title | Broadcast Talk |
| 250 ## - EDITION STATEMENT | |
| Edition statement | 1a ed. |
| 260 ## - PUBLICATION, DISTRIBUTION, ETC. (IMPRINT) | |
| Place of publication, distribution, etc. | LONDON |
| 260 ## - PUBLICATION, DISTRIBUTION, ETC. (IMPRINT) | |
| Name of publisher, distributor, etc. | Sage Publications B.H. |
| 260 ## - PUBLICATION, DISTRIBUTION, ETC. (IMPRINT) | |
| Date of publication, distribution, etc. | 1991 [1° Ed.:1991 - Ed.Ling.Originale:1991] |
| 300 ## - PHYSICAL DESCRIPTION | |
| Extent | "240 p. (prefazione: 8; testo: 232 [pagine: 0-0])" |
| 500 ## - GENERAL NOTE | |
| General note | Conversazione nelle Trasmissioni Radio Televisive. contributi di Autori vari con brevi Note biografiche Sui singoli Autori. importanza della Conversazione e della Sua Analisi per Capire Il Processo della Comunicazione radiofonica e Televisiva. |
| 650 ## - SUBJECT ADDED ENTRY--TOPICAL TERM | |
| Topical term or geographic name as entry element | GENERI RADIOFONICI |
| 650 ## - SUBJECT ADDED ENTRY--TOPICAL TERM | |
| Relator term | Codice materia Spics: 6910 |
| 700 ## - ADDED ENTRY--PERSONAL NAME | |
| Personal name | Scannell Paddy |
| 700 ## - ADDED ENTRY--PERSONAL NAME | |
| Miscellaneous information | Codice Aut. SPICS: 17304 |
| 942 ## - ADDED ENTRY ELEMENTS (KOHA) | |
| Koha item type | LIBRO |
| 957 ## - | |
| -- | 1 |
| 999 ## - SYSTEM CONTROL NUMBERS (KOHA) | |
| -- | 1 |
| Withdrawn status | Lost status | Damaged status | Not for loan | Home library | Current library | Date acquired | Total Checkouts | Full call number | Date last seen | Price effective from | Koha item type | Public note |
|---|---|---|---|---|---|---|---|---|---|---|---|---|
| Buone Condizioni | Not For Loan | SPICS-MEDIATECA | SPICS-MEDIATECA | 08/03/2013 | A6463 | 08/03/2013 | 08/03/2013 | LIBRO | Progressivo inserimento: 43247 / N. Volumi: 1 Copie: 1 / data import: 1 marzo 2013 - By Epidotti, Trombetti, Vaglietti. |